Vývoj bankových úverov na Slovensku po roku 2000 diplomová práca

Enregistré dans:
Détails bibliographiques
Auteur principal: Haladová, Zuzana
Collectivité auteur: Národohospodárska fakulta EU. Katedra bankovníctva a medzinárodných financií
Autres auteurs: Klimiková, Mária
Format: Livre
Langue:slovaque
Publié: Bratislava 2009
Tags: Ajouter un tag
Pas de tags, Soyez le premier à ajouter un tag!

MARC

LEADER 00000nam$a2200000$$$4500
001 0095329
005 20240319123434.7
041 0 |a slo 
044 |a SK 
245 1 0 |a Vývoj bankových úverov na Slovensku po roku 2000  |b diplomová práca  |c Zuzana Haladová ; škol. Mária Klimiková 
264 1 |a Bratislava  |c 2009 
300 |a 65 s. 
100 1 |a Haladová, Zuzana 
700 1 |a Klimiková, Mária 
710 2 |a Národohospodárska fakulta EU. Katedra bankovníctva a medzinárodných financií